000 00687cam a2200217 4500
001 ABS62107
008 000000n2000 000 0 eng u
035 _a(Sirsi) u105085
100 _aEdwards, M.
245 _aAbandoned hope
260 _c2000
490 _aEstates Gazette
_v(0012) 25 March 2000, 147(1)
520 _aExplains a High Court decision which ruled that the test for determining abandonment of a planning use is an objective one.
590 _aABS
650 _aPLANNING USE
650 _aABANDONMENT OF USE
650 _aHUGHES V SOS ENVIRONMENT, TRANSPORT AND THE REGIONS
690 _aPlanning and development
_96259
700 _aMartin, J.
942 _n0
999 _c63026
_d63026